| 000 | 00401cam a2200169ua 4500 | ||
|---|---|---|---|
| 020 | _cRs. 0.75 | ||
| 041 |
_amal _h |
||
| 082 |
_a954.03 _bHUM/IN |
||
| 100 | _aHumayun, Kabir . | ||
| 245 | _aIndia charithrapadangal | ||
| 260 |
_aGuruvayur : _bGuruvayurappan publications Pvt Ltd , _c1963. |
||
| 300 | _a82 ; . | ||
| 365 | _aRs. 0.75 | ||
| 504 | _a | ||
| 942 | _cBK | ||
| 999 |
_c625 _d625 |
||